Oeil ou oreille ? #1 - Mort subite - Statistiques

Statistiques générales
  • Ce quiz a été pris 622 fois
  • Le résultat moyen est 8 sur 12
Answers on the Grid
Answers color-coded by a green-red scale on the quiz's grid according to % correct below.
Iris
Pupille
Lobe
Cristallin
Enclume
Etrier
Rétine
Vitré
Conjonctive
Sclère
Cornée
Tympan
Cochelée
Nerf optique
Nerf auditif
Vestibule
Macula
Corps ciliaire
Choroïde
Marteau
 
Statistiques - réponses
Réponse % Correct
Iris
98%
Pupille
98%
Rétine
81%
Nerf optique
79%
Cristallin
75%
Cornée
73%
Conjonctive
72%
Vitré
59%
Corps ciliaire
48%
Choroïde
41%
Macula
40%
Sclère
35%
Aucun quiz correspondant
Distribution des résultats
% des personnes avec chaque résultat
Percentile par nombre de réponses
Votre historique - résultats
Vous n’avez pas pris ce quiz